000 00666nam a2200265Ia 4500
003 OSt
005 20220912151945.0
006 a|||||r|||| 00| 0
007 ta
008 220909b |||||||| |||| 00| 0 eng d
024 _a63790
037 _cTextual
040 _aCSL
_beng
_cCSL
041 _aeng
082 _aB0X:8, K3;1
100 _aDean Burton V
245 0 _aMathematics for modern management
260 _c1963
300 _ap.
_ccm.
650 _aMathematics
700 _a Gupta S K
700 _a Sesieni Maurice W
942 _hB0X:8, K3;1
_cTEXL
_2CC
999 _c78054
_d78054